[Event "WDR Match TV g/60"]
[Site "?"]
[Date "1999.??.??"]
[Round "?"]
[White "Jussupow Artur"]
[Black "Hickl Joerg"]
[Result "1-0"]
[WhiteElo "2641"]
[BlackElo "2575"]
[PlyCount "91"]
[EventDate "1999.??.??"]
[Source "www.chesslib.no"]
[SourceDate "2004.05.04"]

1. d4 e6 2. Nf3 f5 3. g3 Nf6 4. Bg2 Be7 5. O-O O-O 6. c4 d6 7. Nc3 a5 8. b3 Qe8 9. Bb2 Qh5 10. Qc2 Nc6 11. Rad1 Bd7 12. a3 Rae8 13. d5 Nd8 14. Nb5 Bxb5 15. cxb5 Nxd5 16. Rxd5 exd5 17. Qxc7 f4 18. Nd4 Kh8 19. Bf3 Qf7 20. Qxa5 Bf6 21. Qd2 Be5 22. a4 Qf6 23. a5 Ne6 24. Nxe6 Rxe6 25. Bxe5 dxe5 26. Qxd5 Re7 27. b4 Qg6 28. Be4 Qg4 29. Qd3 Qe6 30. a6 Rd7 31. Qa3 Qc4 32. Bxb7 Qxb5 33. Bf3 Ra7 34. Ra1 Rf6 35. Qc3 g6 36. Ra5 Qb6 37. Qxe5 fxg3 38. hxg3 Rxa6 39. Rb5 Qe6 40. Rb8+ Kg7 41. Rb7+ Kh6 42. Qc7 Qg8 43. Qc1+ g5 44. Be4 Rf7 45. Bd5 Qh8 46. Bxf7 1-0

[Event "Corr"]
[Site "?"]
[Date "1999.06.30"]
[Round "?"]
[White "Bang Erik (DEN)"]
[Black "Kamenets Anatoly V.(UKR)"]
[Result "1-0"]
[WhiteElo "2663"]
[BlackElo "2540"]
[PlyCount "65"]
[EventDate "1999.??.??"]
[Source "www.chesslib.no"]
[SourceDate "2004.05.04"]

1. Nf3 f5 2. d4 Nf6 3. g3 e6 4. Bg2 Be7 5. O-O O-O 6. c4 d6 7. Nc3 Qe8 8. b3 a5 9. Bb2 c6 10. Re1 b5 11. cxb5 cxb5 12. d5 b4 13. Na4 Nxd5 14. Nd4 Qf7 15. Bxd5 exd5 16. Nb6 Ra7 17. Nxc8 Rxc8 18. Qd3 g6 19. Nb5 Rb7 20. Rac1 Rc6 21. Rxc6 Nxc6 22. Rc1 Rb6 23. Qe3 Bd8 24. Nd4 Ne5 25. Rc8 Qd7 26. Ra8 Kf7 27. Nf3 Qe7 28. Bxe5 dxe5 29. Nxe5+ Kg7 30. Qd4 Rf6 31. Ra7 Bc7 32. Nd3 g5 33. Qe5 1-0

[Event "Deutschland"]
[Site "?"]
[Date "1996.??.??"]
[Round "?"]
[White "Ribli, Z."]
[Black "Lobron, E."]
[Result "0-1"]
[WhiteElo "2585"]
[BlackElo "2585"]
[PlyCount "126"]
[EventDate "1996.??.??"]
[Source "ChessBase"]
[SourceDate "1996.10.01"]

1. Nf3 d6 2. d4 f5 3. g3 Nf6 4. Bg2 e6 5. c4 Be7 6. O-O O-O 7. Nc3 a5 8. b3 Qe8 9. Ba3 Na6 10. e3 c6 11. Rc1 Rb8 12. Bb2 b5 13. cxb5 cxb5 14. Ne1 Bb7 15. Bxb7 Rxb7 16. Qe2 Nc7 17. Nd3 b4 18. Na4 g5 19. f3 g4 20. fxg4 Nxg4 21. e4 Bg5 22. Nf4 Nf6 23. exf5 Bxf4 24. Rxf4 Ncd5 25. Rf2 exf5 26. Qxe8 Rxe8 27. Rxf5 Re2 28. Rcf1 Rc7 29. R5f2 Rxf2 30. Rxf2 Kf7 31. h3 Kg6 32. Re2 h5 33. Re6 Rc2 34. Kf1 Kf5 35. Re2 Rc6 36. Kg2 Ne4 37. Kf3 Ng5+ 38. Kg2 Rc8 39. h4 Ne4 40. Kf3 Nef6 41. Rg2 Rc7 42. Re2 Rc6 43. a3 Rc7 44. axb4 axb4 45. Re1 Rc2 46. Re2 Rxe2 47. Kxe2 Ke4 48. Ba1 Ng4 49. Nb2 Nc3+ 50. Kd2 Nh2 51. Nc4 Nf3+ 52. Kc1 Nxd4 53. Nxd6+ Kd3 54. Kb2 Nd1+ 55. Kc1 Nc3 56. Kb2 Nde2 57. Nf5 Kd2 58. Nd6 Nxg3 59. Nc4+ Kd3 60. Ne5+ Ke4 61. Nd7 Nge2 62. Nf6+ Kd3 63. Nxh5 Kd2 0-1

[Event "Groningen Open"]
[Site "Groningen NED"]
[Date "1993.??.??"]
[Round "11"]
[White "Psakhis, Lev B"]
[Black "Vaisser, Anatoli V"]
[Result "1/2-1/2"]
[WhiteElo "2575"]
[BlackElo "2570"]
[PlyCount "139"]
[EventDate "1993.12.??"]
[Source "www.chesslib.no"]
[SourceDate "2004.05.04"]

1. d4 f5 2. g3 Nf6 3. Bg2 e6 4. c4 Be7 5. Nf3 d6 6. O-O O-O 7. Nc3 a5 8. b3 Qe8 9. Ba3 Na6 10. Ne1 e5 11. dxe5 dxe5 12. Bxe7 Qxe7 13. Nd5 Qd6 14. Nc3 Qe7 15. Nd5 Qd6 16. Nc3 Rd8 17. Qxd6 Rxd6 18. Nd3 e4 19. Nb2 Rd2 20. Rab1 Be6 21. Rfd1 Rad8 22. Kf1 Nb4 23. Rxd2 Rxd2 24. Ke1 Rd8 25. Rc1 Ng4 26. h3 Ne5 27. a3 Na6 28. Rd1 Rxd1+ 29. Kxd1 Kf7 30. Kc2 g5 31. Nb5 h5 32. Kc3 Kf6 33. Nd4 Bd7 34. b4 c5 35. Nc2 axb4+ 36. axb4 cxb4+ 37. Nxb4 Nxb4 38. Kxb4 Bc6 39. e3 h4 40. gxh4 gxh4 41. Kc3 f4 42. exf4 Ng6 43. Kd4 Nxf4 44. Bxe4 Nxh3 45. Bxc6 bxc6 46. Ke3 Kf5 47. Nd3 Ng5 48. f3 Nf7 49. Kf2 Ne5 50. Nb4 c5 51. Na6 Nd3+ 52. Kg2 Kg5 53. Kh2 Kh5 54. Kh3 Nf4+ 55. Kh2 Ne6 56. Kh3 Kg5 57. Kh2 Kh5 58. Kg2 Nf4+ 59. Kh2 Nd3 60. Kg2 Kg5 61. Kh2 Ne1 62. Nxc5 Nxf3+ 63. Kh3 Kh5 64. Ne4 Ng5+ 65. Nxg5 Kxg5 66. c5 Kf6 67. c6 Ke7 68. c7 Kd7 69. c8=Q+ Kxc8 70. Kxh4 1/2-1/2

[Event "56th ch-RUS"]
[Site "Krasnoyarsk"]
[Date "2003.09.03"]
[Round "1"]
[White "Inarkiev, Ernesto"]
[Black "Obukhov, Alexander"]
[Result "1-0"]
[WhiteElo "2582"]
[BlackElo "2487"]
[PlyCount "99"]
[EventDate "2003.09.03"]
[Source "Roberto Alvarez"]
[SourceDate "2003.09.15"]

1. d4 f5 2. g3 Nf6 3. Bg2 e6 4. c4 Be7 5. Nf3 O-O 6. O-O d6 7. b3 a5 8. Nc3 Qe8 9. Re1 Qh5 10. e4 Nxe4 11. Nxe4 fxe4 12. Rxe4 Na6 13. Bf4 Bf6 14. Qe2 Bd7 15. Re1 Rae8 16. h4 h6 17. Bd2 Nb4 18. g4 Qg6 19. g5 Bd8 20. gxh6 Bc6 21. Rxe6 Bxf3 22. Qxf3 Rxe6 23. Rxe6 Qxe6 24. Qxf8+ Kxf8 25. h7 Bf6 26. h8=Q+ Qg8 27. Qxg8+ Kxg8 28. Bxb7 Bxd4 29. a3 Nc2 30. Bxa5 Bb6 31. Bc3 Nxa3 32. Be4 Bc5 33. Kg2 Kf8 34. f4 c6 35. Kf3 d5 36. cxd5 cxd5 37. Bxd5 Nb5 38. Be5 g6 39. Kg4 Be7 40. Be4 Kf7 41. Bd5+ Kf8 42. Be4 Kf7 43. Bc6 Nd6 44. b4 Nc8 45. Bd5+ Kf8 46. b5 Bd8 47. Be6 Nb6 48. Bd4 Ke7 49. f5 Kd6 50. Bf7 1-0

[Event "Osen II"]
[Site "Alushta"]
[Date "2003.09.30"]
[Round "5"]
[White "Krivoshey, Sergei"]
[Black "Shtyrenkov, Veniamen"]
[Result "1/2-1/2"]
[WhiteElo "2507"]
[BlackElo "2514"]
[PlyCount "57"]
[EventDate "2003.09.27"]
[Source "Roberto Alvarez"]
[SourceDate "2003.10.06"]

1. d4 e6 2. Nf3 f5 3. g3 Nf6 4. Bg2 Be7 5. O-O O-O 6. c4 d6 7. Nc3 a5 8. b3 Qe8 9. Bb2 Bd8 10. Re1 e5 11. e4 Nc6 12. exf5 Bxf5 13. dxe5 dxe5 14. Nd5 Nd7 15. Qd2 Bg4 16. Ng5 Qh5 17. Ne4 Ra6 18. Ne3 Be6 19. Rad1 Be7 20. Nd5 Bd8 21. Re3 Bg4 22. f3 Be6 23. Rd3 Ra8 24. a3 h6 25. Ne3 Rf7 26. Bc3 Nf6 27. Nc5 e4 28. Nxe4 Nxe4 29. fxe4 1/2-1/2

[Event "Cappelle la Grande"]
[Site "?"]
[Date "1997.??.??"]
[Round "?"]
[White "Savchenko, S."]
[Black "Naumkin, I."]
[Result "1-0"]
[WhiteElo "2575"]
[BlackElo "2435"]
[PlyCount "83"]
[EventDate "1997.??.??"]
[Source "ChessBase"]
[SourceDate "1997.02.01"]

1. Nf3 e6 2. c4 f5 3. g3 Nf6 4. Bg2 Be7 5. O-O O-O 6. Nc3 d6 7. d4 a5 8. b3 Qe8 9. Bb2 Qh5 10. e3 Na6 11. Ne1 Qh6 12. a3 c6 13. b4 Nc7 14. b5 e5 15. bxc6 bxc6 16. dxe5 dxe5 17. Nf3 e4 18. Ne5 Ra6 19. c5 Bxc5 20. Na4 Be7 21. Rc1 Nfd5 22. Re1 Bf6 23. Bf1 Bxe5 24. Bxe5 Ra8 25. Re2 Ne6 26. h4 Bd7 27. Nc3 Nxc3 28. Rxc3 Be8 29. Rd2 Bh5 30. Qc2 c5 31. Rb3 Bf7 32. Bc4 Rad8 33. Rb7 Rxd2 34. Qxd2 Nd8 35. Rd7 Qb6 36. Kg2 h6 37. Bb2 Re8 38. Rd6 Qc7 39. Bb5 Rf8 40. Qc3 Ne6 41. Rd7 Qb6 42. Bc4 1-0

[Event "Costa Catalana"]
[Site "?"]
[Date "1994.??.??"]
[Round "6"]
[White "Antunes, A."]
[Black "Comas, L."]
[Result "1/2-1/2"]
[WhiteElo "2510"]
[BlackElo "2500"]
[PlyCount "72"]
[EventDate "1994.??.??"]
[Source "www.chesslib.no"]
[SourceDate "2004.05.04"]

1. Nf3 e6 2. c4 f5 3. g3 Nf6 4. Bg2 Be7 5. O-O O-O 6. b3 d6 7. d4 Qe8 8. Nc3 a5 9. Qc2 Nc6 10. e4 Qh5 11. Bb2 fxe4 12. Nxe4 e5 13. dxe5 dxe5 14. c5 Kh8 15. Rac1 Bf5 16. Nfd2 Rad8 17. Qc4 Bh3 18. Bxh3 Qxh3 19. f3 Qh6 20. Qe2 Nxe4 21. Nxe4 Bg5 22. Rcd1 Be3+ 23. Kg2 Nd4 24. Bxd4 exd4 25. Qc4 Qc6 26. Rd3 Rde8 27. Rdd1 h6 28. Qd3 b6 29. Qc4 b5 30. Qd3 a4 31. bxa4 bxa4 32. Rb1 Qd5 33. Rb2 Rb8 34. Rfb1 Rbe8 35. Rf1 Rb8 36. Rfb1 Rbe8 1/2-1/2

[Event "Cappelle Open"]
[Site "Cappelle la Grande FRA"]
[Date "1995.??.??"]
[Round "6"]
[White "Chuchelov, Vladimir"]
[Black "Lupu, Mircea-Sergiu"]
[Result "1-0"]
[WhiteElo "2530"]
[BlackElo "2475"]
[PlyCount "91"]
[EventDate "1995.03.??"]
[Source "www.chesslib.no"]
[SourceDate "2004.05.04"]

1. Nf3 e6 2. c4 f5 3. g3 Nf6 4. Bg2 Be7 5. O-O O-O 6. d4 d6 7. Nc3 Qe8 8. b3 a5 9. Bb2 Na6 10. Re1 Rb8 11. e4 fxe4 12. Nxe4 Nxe4 13. Rxe4 b5 14. c5 Bf6 15. cxd6 cxd6 16. Qd2 Bb7 17. Re3 Nc7 18. Rae1 b4 19. h4 Qh5 20. Qe2 h6 21. Nd2 Qxe2 22. R3xe2 Ba6 23. Re3 d5 24. Nf3 Rfc8 25. Bh3 Bb5 26. g4 Be8 27. R3e2 Bg6 28. g5 hxg5 29. hxg5 Be4 30. gxf6 Bxf3 31. Re3 Be4 32. Rg3 Kf7 33. fxg7 Rg8 34. f3 Bg6 35. Bc1 Rxg7 36. Bf4 Rb7 37. Be5 Rh7 38. Bxc7 Rxc7 39. Bxe6+ Kf6 40. Bxd5 Bf5 41. Bc4 Rce7 42. Rxe7 Rxe7 43. Kf2 Rd7 44. Ke3 Re7+ 45. Kf4 Rh7 46. Rg8 1-0

[Event "NRW-Liga 9900"]
[Site "Germany"]
[Date "2000.03.01"]
[Round "6.1"]
[White "Podzielny, Karl Heinz"]
[Black "Dgebuadze, Alexandre"]
[Result "1/2-1/2"]
[WhiteElo "2500"]
[BlackElo "2505"]
[PlyCount "88"]
[EventDate "1999.10.??"]
[Source "www.chesslib.no"]
[SourceDate "2004.05.04"]

1. Nf3 e6 2. g3 f5 3. d4 Nf6 4. c4 Be7 5. Nc3 O-O 6. Bg2 d6 7. O-O Qe8 8. b3 Qh5 9. e3 c6 10. Ba3 Na6 11. d5 exd5 12. cxd5 c5 13. Nd2 Qh6 14. Bb2 Nc7 15. Nc4 b6 16. Re1 Bb7 17. Qd3 Rae8 18. Rad1 Ba6 19. Qc2 Rd8 20. f4 Bc8 21. a4 Bd7 22. Qd2 Rfe8 23. e4 fxe4 24. Nxe4 Bg4 25. Bxf6 Bxf6 26. Nxf6+ Qxf6 27. Rc1 Bc8 28. h3 Ba6 29. Ne3 Qf7 30. b4 Bb7 31. bxc5 bxc5 32. Rb1 Na6 33. Nc4 Nb4 34. Rxe8+ Qxe8 35. f5 Ba6 36. Re1 Qf8 37. Na5 Nd3 38. Re3 c4 39. Nc6 Re8 40. Re6 Bc8 41. Rxe8 Qxe8 42. g4 Ba6 43. Kh2 Ne1 44. Bh1 Nd3 1/2-1/2

[Event "Budapest"]
[Site "?"]
[Date "1991.??.??"]
[Round "?"]
[White "Farago, I."]
[Black "Naumkin, I."]
[Result "0-1"]
[WhiteElo "2495"]
[BlackElo "2505"]
[PlyCount "120"]
[EventDate "1991.??.??"]
[Source "ChessBase"]
[SourceDate "1991.06.01"]

1. d4 e6 2. c4 f5 3. g3 Nf6 4. Bg2 Be7 5. Nf3 O-O 6. O-O d6 7. Nc3 a5 8. b3 Qe8 9. Bb2 Qh5 10. Re1 d5 11. Ne5 c6 12. e3 Qh6 13. Na4 Nbd7 14. c5 g5 15. Rc1 g4 16. Rc2 Ne4 17. Nxd7 Bxd7 18. Nb6 Rad8 19. Bxe4 dxe4 20. Bc3 Rf6 21. Qe2 Qh5 22. Qf1 Rh6 23. Qg2 e5 24. Bxa5 exd4 25. exd4 Be6 26. Bd2 Rxd4 27. Bxh6 Qxh6 28. Qf1 f4 29. gxf4 Qxf4 30. Qg2 Qf5 31. Nc4 Bxc5 32. Ne3 Qg5 33. Nxg4 Bxg4 34. Rxc5 Qxc5 35. Qxg4+ Kf7 36. Qf4+ Kg7 37. Kh1 Qe7 38. f3 Qf6 39. Qg3+ Kf7 40. Qc7+ Kf8 41. f4 Rd2 42. Qc8+ Rd8 43. Qxb7 Qc3 44. Rf1 Qd3 45. Qb4+ Kf7 46. Qc4+ Qxc4 47. bxc4 Kf6 48. Kg2 Rd2+ 49. Kg3 Kf5 50. Rb1 Rd3+ 51. Kf2 Kxf4 52. Rb6 Rd2+ 53. Ke1 Rxa2 54. Rxc6 Rxh2 55. c5 h5 56. Rc8 Ke3 57. Kf1 Rf2+ 58. Kg1 Ke2 59. c6 e3 60. c7 Rf7 0-1

[Event "Tony Hedlund"]
[Site "Lulea"]
[Date "1999.04.16"]
[Round "5"]
[White "Nimzo '99 P200"]
[Black "Genius5 P90"]
[Result "1-0"]
[WhiteElo "2565"]
[BlackElo "2431"]
[PlyCount "79"]
[EventDate "1999.02.21"]
[Source "www.chesslib.no"]
[SourceDate "2004.05.04"]

1. Nf3 f5 2. d4 Nf6 3. g3 e6 4. Bg2 Be7 5. O-O O-O 6. c4 d6 7. Nc3 Qe8 8. b3 a5 9. Bb2 c6 10. Qc2 Na6 11. e4 Nb4 12. Qe2 fxe4 13. Nxe4 Nxe4 14. Qxe4 Qh5 15. a3 Na6 16. Rfe1 Nc7 17. Bc1 a4 18. b4 Bd7 19. Bf4 Kh8 20. b5 Rf7 21. Qe2 Kg8 22. b6 Ne8 23. Ng5 Qxe2 24. Rxe2 Bxg5 25. Bxg5 g6 26. h3 Ng7 27. g4 Ra5 28. Bh6 Ra6 29. Rb1 Ra5 30. Rbe1 Ra6 31. c5 Ne8 32. d5 e5 33. f4 Nf6 34. fxe5 dxe5 35. dxc6 Bxc6 36. Rxe5 Bb5 37. g5 Rd7 38. gxf6 Ra8 39. c6 bxc6 40. Rxb5 1-0

[Event "Buenos Aires ol (Men)"]
[Site "Buenos Aires"]
[Date "1978.??.??"]
[Round "?"]
[White "Sosonko, Gennadi"]
[Black "Rantanen, Yrjo A"]
[Result "1/2-1/2"]
[WhiteElo "2575"]
[BlackElo "2420"]
[PlyCount "43"]
[EventDate "1978.10.??"]
[Source "www.chesslib.no"]
[SourceDate "2004.05.04"]

1. d4 f5 2. Nf3 Nf6 3. g3 e6 4. Bg2 Be7 5. O-O O-O 6. c4 d6 7. Nc3 Qe8 8. b3 c6 9. Ba3 Na6 10. Rc1 Bd7 11. d5 exd5 12. cxd5 c5 13. Bb2 Qh5 14. e3 Nc7 15. Nd2 Qh6 16. Nc4 b5 17. Na5 Rf7 18. Nc6 Bf8 19. b4 Re8 20. Ne2 a6 21. a4 g5 22. axb5 1/2-1/2

[Event "Altensteig"]
[Site "Altensteig"]
[Date "1987.??.??"]
[Round "?"]
[White "Farago, Ivan"]
[Black "Schulz, Klaus Juergen"]
[Result "1/2-1/2"]
[WhiteElo "2535"]
[BlackElo "2440"]
[PlyCount "126"]
[EventDate "1987.06.??"]
[Source "ChessBase"]

1. d4 e6 2. c4 f5 3. g3 Nf6 4. Bg2 Be7 5. Nf3 O-O 6. O-O d6 7. Nc3 Qe8 8. b3 Qh5 9. Ba3 Nbd7 10. Qc2 Rf7 11. Rad1 Ne8 12. Bc1 g5 13. Ne1 f4 14. Nd3 Qh6 15. Ne4 Nf8 16. h4 gxh4 17. Nxf4 Qg7 18. Qd3 c6 19. gxh4 Bxh4 20. Ng3 Nf6 21. d5 cxd5 22. cxd5 e5 23. Ne6 Nxe6 24. dxe6 Bxe6 25. Qxd6 Re8 26. Qd3 Ng4 27. Ne4 Ref8 28. f3 Nh6 29. Nf2 Nf5 30. Ng4 h5 31. Nf2 Rf6 32. Qe4 Rg6 33. f4 Ng3 34. Qxe5 Nxf1 35. Qxg7+ Rxg7 36. Rxf1 Bd5 37. e4 Bxf2+ 38. Kxf2 Bc6 39. Bf3 Re8 40. Bb2 Rd7 41. Rg1+ Kh7 42. Ke3 Rde7 43. Be5 Rxe5 44. fxe5 Rxe5 45. Kf4 Ra5 46. a4 Rc5 47. Rh1 Kh6 48. b4 Rg5 49. b5 Be8 50. Rd1 Rg7 51. Rd6+ Bg6 52. e5 Rf7+ 53. Ke3 Kg5 54. b6 axb6 55. Rxb6 Re7 56. e6 Be8 57. a5 Bc6 58. Bxc6 bxc6 59. Rxc6 Kf5 60. Kd4 Ra7 61. a6 h4 62. Kc5 h3 63. Kb6 h2 1/2-1/2

[Event "Balakovo"]
[Site "?"]
[Date "1994.??.??"]
[Round "?"]
[White "Yakovich, Y."]
[Black "Shtyrenkov, V."]
[Result "1-0"]
[WhiteElo "2530"]
[BlackElo "2445"]
[PlyCount "59"]
[EventDate "1994.??.??"]
[Source "ChessBase"]
[SourceDate "1994.02.01"]

1. d4 e6 2. Nf3 f5 3. g3 Nf6 4. Bg2 Be7 5. O-O O-O 6. c4 d6 7. Nc3 a5 8. b3 Qe8 9. Bb2 Nc6 10. d5 Nd8 11. dxe6 Nxe6 12. Nd4 Nc5 13. Qc2 Qh5 14. e3 c6 15. a3 Ng4 16. h3 Nf6 17. Nce2 Qf7 18. b4 axb4 19. axb4 Rxa1 20. Bxa1 Na6 21. b5 Nb4 22. Qb1 c5 23. Nxf5 Bxf5 24. Qxf5 Qxc4 25. Nf4 Qxb5 26. Ne6 Qd7 27. Nxg7 d5 28. Ne6 Kf7 29. Bf3 Bd8 30. Bxf6 1-0

[Event "Great Britain (ch)"]
[Site "?"]
[Date "1999.??.??"]
[Round "?"]
[White "Lalic, B."]
[Black "Pert, N."]
[Result "1-0"]
[WhiteElo "2550"]
[BlackElo "2425"]
[PlyCount "61"]
[EventDate "1999.??.??"]
[Source "Chess Informant"]
[SourceDate "1999.06.01"]

1. d4 e6 2. c4 f5 3. g3 Nf6 4. Bg2 Be7 5. Nf3 d6 6. O-O O-O 7. Nc3 a5 8. b3 Qe8 9. Bb2 Qh5 10. Re1 Ne4 11. Qc2 Nxc3 12. Bxc3 f4 13. e3 fxg3 14. fxg3 e5 15. Qe4 Bd7 16. Qd5+ Kh8 17. Qxb7 Nc6 18. Nxe5 Rfb8 19. Qxc7 Ra7 20. Qxd7 Rxd7 21. Nxd7 Rc8 22. Nb6 Rb8 23. Nd5 Bg5 24. e4 Nb4 25. Bxb4 axb4 26. Rad1 Ra8 27. e5 dxe5 28. Nf4 Bxf4 29. Bxa8 Be3+ 30. Kg2 Bxd4 31. Bf3 1-0

[Event "ZSG-100 Open A"]
[Site "?"]
[Date "1992.??.??"]
[Round "4"]
[White "Brenninkmeijer, J."]
[Black "Schmittdiel, E."]
[Result "1/2-1/2"]
[WhiteElo "2490"]
[BlackElo "2480"]
[PlyCount "61"]
[EventDate "1992.??.??"]
[Source "www.chesslib.no"]
[SourceDate "2004.05.04"]

1. d4 f5 2. g3 Nf6 3. Bg2 e6 4. c4 Be7 5. Nc3 O-O 6. Nf3 d6 7. O-O Qe8 8. b3 a5 9. Bb2 Na6 10. Re1 Ne4 11. Nxe4 fxe4 12. Nd2 d5 13. f3 e3 14. Nf1 Bb4 15. Nxe3 Bxe1 16. Qxe1 dxc4 17. Qxa5 cxb3 18. axb3 Bd7 19. Qc3 Qe7 20. f4 Qb4 21. Qc2 Bc6 22. Bh3 Rfe8 23. Nc4 Qb5 24. Qc3 Bd5 25. e4 Bxe4 26. d5 Qc5+ 27. Kf1 e5 28. Be6+ Rxe6 29. dxe6 Bf5 30. Qxe5 Qxe5 31. Nxe5 1/2-1/2

[Event "Tashkent"]
[Site "Tashkent"]
[Date "1987.??.??"]
[Round "?"]
[White "Timoscenko, Genadij"]
[Black "Naumkin, Igor"]
[Result "1-0"]
[WhiteElo "2495"]
[BlackElo "2470"]
[PlyCount "97"]
[EventDate "1987.12.??"]
[Source "www.chesslib.no"]
[SourceDate "2004.05.04"]

1. d4 e6 2. c4 f5 3. g3 Nf6 4. Bg2 Be7 5. Nf3 O-O 6. O-O d6 7. Nc3 a5 8. b3 Qe8 9. Bb2 Qh5 10. e3 Na6 11. a3 Bd7 12. Ne1 Qh6 13. Nd3 Rad8 14. Qe2 c6 15. b4 e5 16. b5 Nc7 17. bxc6 bxc6 18. dxe5 Ng4 19. h3 Nxe5 20. Nxe5 dxe5 21. Na4 e4 22. Bc3 Ne6 23. Rfd1 Be8 24. Rxd8 Bxd8 25. Qd2 Bf6 26. Rb1 Bxc3 27. Qxc3 Ng5 28. Nc5 Bf7 29. Qe5 Nxh3+ 30. Bxh3 Qxh3 31. Ne6 Bxe6 32. Qxe6+ Kh8 33. Qd6 Rg8 34. Rb8 h5 35. Rxg8+ Kxg8 36. Qxc6 Qg4 37. Qd6 Kh7 38. c5 h4 39. c6 h3 40. Qf4 Qd1+ 41. Kh2 Kg6 42. g4 fxg4 43. c7 Qd7 44. Qxe4+ Kg5 45. Qc4 Qc8 46. Qc5+ Kh6 47. e4 a4 48. Kg3 g6 49. Qe5 1-0

[Event "Star Dojran"]
[Site "?"]
[Date "1993.??.??"]
[Round "?"]
[White "Rajkovic, D."]
[Black "Poluljahov, A."]
[Result "1/2-1/2"]
[WhiteElo "2450"]
[BlackElo "2515"]
[PlyCount "120"]
[EventDate "1993.??.??"]
[Source "ChessBase"]
[SourceDate "1993.02.01"]

1. d4 e6 2. c4 f5 3. Nf3 Nf6 4. g3 Be7 5. Bg2 O-O 6. O-O d6 7. Nc3 a5 8. b3 Qe8 9. Ba3 Na6 10. Re1 c6 11. Na4 Nd7 12. Bb2 b5 13. cxb5 cxb5 14. Nc3 b4 15. Na4 Bb7 16. Rc1 Qb8 17. Qd2 Bd5 18. Ng5 Bxg2 19. Kxg2 Bxg5 20. Qxg5 Nf6 21. Qf4 Qb7+ 22. Kg1 Rad8 23. Qf3 Nd5 24. e3 Nb8 25. Qg2 Nd7 26. e4 fxe4 27. Rxe4 Rf6 28. Rce1 Nf8 29. R4e2 Qf7 30. Bc1 Rc8 31. Qe4 Ng6 32. Bg5 Rf5 33. Bd2 Re8 34. Nb2 Nc3 35. Bxc3 bxc3 36. Na4 Rf3 37. Kg2 Rf8 38. Rf1 e5 39. dxe5 Nxe5 40. Nb6 Qh5 41. Qd5+ Qf7 42. Qxf7+ R3xf7 43. Nd5 Rc8 44. Rc2 Rc5 45. Rd1 Ng4 46. Nf4 g5 47. h3 Nxf2 48. Kxf2 gxf4 49. g4 d5 50. Rd3 Rfc7 51. Kf3 Kf7 52. Rd4 Ke6 53. Rxf4 Rb5 54. Ke3 Rb4 55. Rf5 a4 56. bxa4 Rxa4 57. Kd3 Ra3 58. Rf8 Ke5 59. Re8+ Kf4 60. Rd8 Ke5 1/2-1/2

[Event "4th Golden Autumn, Alushta UKR"]
[Site "?"]
[Date "2001.??.??"]
[Round "?"]
[White "Itkis, B."]
[Black "Shtyrenkov, V."]
[Result "1/2-1/2"]
[WhiteElo "2470"]
[BlackElo "2490"]
[PlyCount "63"]
[EventDate "2001.??.??"]
[Source "www.chesslib.no"]
[SourceDate "2004.05.04"]

1. d4 e6 2. Nf3 f5 3. g3 Nf6 4. Bg2 Be7 5. O-O O-O 6. c4 d6 7. Nc3 a5 8. b3 Qe8 9. Bb2 Bd8 10. e3 e5 11. dxe5 dxe5 12. e4 Nc6 13. exf5 Bxf5 14. Re1 Nd7 15. Nd5 Bg4 16. h3 Bh5 17. Ba3 Rf7 18. g4 Bg6 19. Qd2 a4 20. b4 e4 21. Bb2 Qf8 22. Ng5 Bxg5 23. Qxg5 Nxb4 24. Nxc7 Rc8 25. Ne6 Qe7 26. Bxe4 Bxe4 27. Rxe4 Nf8 28. Rae1 Nd3 29. Qxe7 Rxe7 30. Nxf8 Rxe4 31. Rxe4 Nxb2 32. Nd7 1/2-1/2

[Event "Buenos Aires Clarin Open"]
[Site "Buenos Aires ARG"]
[Date "1995.??.??"]
[Round "3"]
[White "Ricardi, Pablo"]
[Black "Bianchi, Guillermo"]
[Result "1-0"]
[WhiteElo "2530"]
[BlackElo "2425"]
[PlyCount "89"]
[EventDate "1995.05.??"]
[Source "www.chesslib.no"]
[SourceDate "2004.05.04"]

1. d4 f5 2. c4 e6 3. g3 Nf6 4. Bg2 Be7 5. Nc3 d6 6. Nf3 O-O 7. O-O Qe8 8. b3 Qh5 9. Re1 Nc6 10. d5 Ne5 11. Nb5 Ne8 12. c5 Nf7 13. dxe6 Bxe6 14. Nfd4 Bc8 15. c6 Nd8 16. cxb7 Bxb7 17. Bxb7 Nxb7 18. Ne6 f4 19. Nxf8 fxg3 20. hxg3 Qxb5 21. Ne6 Bf6 22. Nd4 Qb6 23. Be3 c5 24. Nf5 Bxa1 25. Qd5+ Kf8 26. Rxa1 Nf6 27. Qf3 Rd8 28. Bg5 d5 29. Rd1 d4 30. Nxg7 Kxg7 31. Bxf6+ Qxf6 32. Qxb7+ Kg8 33. Qxa7 Rf8 34. Rf1 Qc6 35. Qe7 Re8 36. Qg5+ Kh8 37. Qf5 h6 38. Re1 Qd6 39. Qf3 Re5 40. Rc1 Qe7 41. b4 Rxe2 42. Rxc5 Re1+ 43. Kg2 Re4 44. Rc8+ Kg7 45. b5 1-0

[Event "Moscow RUS"]
[Site "?"]
[Date "1996.??.??"]
[Round "?"]
[White "Iskusnyh Sergei"]
[Black "Naumkin Igor"]
[Result "1/2-1/2"]
[WhiteElo "2460"]
[BlackElo "2480"]
[PlyCount "85"]
[EventDate "1996.??.??"]
[Source "www.chesslib.no"]
[SourceDate "2004.05.04"]

1. d4 e6 2. c4 f5 3. g3 Nf6 4. Bg2 Be7 5. Nf3 O-O 6. O-O d6 7. Nc3 a5 8. b3 Qe8 9. Bb2 Qh5 10. e3 Na6 11. Ne1 Qh6 12. a3 c6 13. b4 e5 14. b5 Nc7 15. dxe5 dxe5 16. bxc6 bxc6 17. Nf3 e4 18. Ne5 Ra6 19. Ne2 Rd8 20. Qc2 Bd6 21. Rfd1 c5 22. Nc3 Ne6 23. Nd5 Bxe5 24. Ne7+ Kf7 25. Rxd8 Nxd8 26. Nxc8 Ng4 27. h3 Bxb2 28. Rd1 Nxe3 29. Rd7+ Ke8 30. Re7+ Kf8 31. Qxb2 Rc6 32. Qd2 Rxc8 33. Qd7 Nc6 34. Rxg7 Qf6 35. Qxc8+ Kxg7 36. fxe3 h5 37. Bf1 Qd6 38. Kf2 h4 39. gxh4 Qd2+ 40. Be2 Ne5 41. Qc7+ Kf6 42. Qb6+ Kf7 43. Qc7+ 1/2-1/2

[Event "Asti op"]
[Site "Asti"]
[Date "1996.??.??"]
[Round "?"]
[White "Efimov, Igor"]
[Black "Naumkin, Igor"]
[Result "0-1"]
[WhiteElo "2510"]
[BlackElo "2430"]
[PlyCount "138"]
[EventDate "1996.10.??"]
[Source "www.chesslib.no"]
[SourceDate "2004.05.04"]

1. d4 e6 2. c4 f5 3. g3 Nf6 4. Bg2 Be7 5. Nf3 O-O 6. O-O d6 7. b3 Qe8 8. Bb2 Qh5 9. Nc3 a5 10. Ne1 Nc6 11. e3 Qh6 12. d5 Ne5 13. Nb5 Bd8 14. Nc2 exd5 15. cxd5 Bd7 16. a4 Ne4 17. f3 Nc5 18. Rb1 Rc8 19. Bc3 b6 20. Bd2 g5 21. Ncd4 Qg6 22. f4 Ng4 23. Qc2 Bf6 24. h3 Nh6 25. Ne6 Nxe6 26. dxe6 Bxe6 27. Nd4 Bd7 28. Qc4+ Kh8 29. Bc3 gxf4 30. gxf4 c5 31. Nf3 Bxc3 32. Qxc3+ Qf6 33. Qxf6+ Rxf6 34. Nd2 d5 35. Rfd1 Be6 36. Nf3 Rd8 37. Ne5 Nf7 38. Nc6 Re8 39. Kf2 Nd6 40. Ne5 Ne4+ 41. Bxe4 fxe4 42. Rd2 Rd8 43. Rg1 Bxh3 44. Rg5 Be6 45. Rd1 d4 46. Rh1 Rg8 47. Rgh5 Rg7 48. Rh6 Rxh6 49. Rxh6 Re7 50. Nc4 Kg7 51. Rh5 Rd7 52. Re5 Bxc4 53. bxc4 Kf6 54. Rh5 d3 55. Ke1 Rg7 56. Kf2 Rd7 57. Ke1 Kg6 58. Rg5+ Kf7 59. Rf5+ Kg8 60. Re5 Kf8 61. Rxe4 Re7 62. Rxe7 Kxe7 63. Kd2 h5 64. Kxd3 h4 65. Ke2 h3 66. Kf3 h2 67. Kg2 b5 68. axb5 a4 69. b6 Kd7 0-1

[Event "Capablanca mem-B"]
[Site "Cienfuegos"]
[Date "1996.??.??"]
[Round "8"]
[White "Pecorelli Garcia, Humberto"]
[Black "Bellon Lopez, Juan Manuel"]
[Result "1-0"]
[WhiteElo "2430"]
[BlackElo "2505"]
[PlyCount "65"]
[EventDate "1996.05.??"]
[Source "ChessBase"]

1. Nf3 e6 2. c4 f5 3. g3 Nf6 4. Bg2 Be7 5. O-O O-O 6. b3 d6 7. d4 Qe8 8. Nc3 Qh5 9. Qd3 Nc6 10. Ba3 Bd7 11. d5 Nd8 12. Rad1 Kh8 13. Rfe1 f4 14. dxe6 Nxe6 15. Nd5 fxg3 16. hxg3 Rae8 17. Nxf6 Rxf6 18. Qd5 Rf5 19. Qxb7 Bd8 20. Rd5 Nf8 21. e4 Rxd5 22. Qxd5 Qg6 23. e5 h6 24. exd6 Rxe1+ 25. Nxe1 c6 26. Qd3 Bf5 27. Qf3 Nd7 28. Qxc6 Kh7 29. Nf3 Qh5 30. Bb2 Bf6 31. Bxf6 Nxf6 32. Qc5 Qg4 33. Qd4 1-0